| 000 | 00711nam a22001937a 4500 | ||
|---|---|---|---|
| 005 | 20180424113455.0 | ||
| 010 | _aB-691529-530 | ||
| 020 |
_c895.00 _a9788131607947 |
||
| 035 | _aB-691529-530 | ||
| 037 | _bR.K.Books | ||
| 082 | _a070.50905 | ||
| 100 | _aGupta, Suman | ||
| 245 |
_a Globalization and literature / _cby Suman Gupta |
||
| 260 |
_aJaipur _bRawat Publication _c2016 |
||
| 270 |
_aSatyam Apts, Sector3, Jawhara Nagar _bJaipur _e302004 |
||
| 300 |
_a190p. _b24cm(Hb). |
||
| 942 |
_2ddc _cEN _h070.50905 _mGUP |
||
| 999 |
_c151715 _d151715 |
||